000 00483nam a22001817a 4500
005 20251108171210.0
008 250721s1998 xx 000 0 ara d
082 1 4 _a210.41224/محم
100 1 _aالجبالي، أبو محمد
245 1 0 _aطارد الجن /
264 1 _aبيروت :
_bدار اليوسف،
_c1998.
300 _a142ص
650 1 7 _aالحب
650 1 7 _aالسحر
700 1 _aعلامة، سعد الدين
942 _2ddc
_cBK
999 _c59121
_d59121